[Event "17th EUR-ch"]
[Site "Gjakova KOS"]
[Date "2016.05.17"]
[Round "6.25"]
[White "Petrosian, Manuel"]
[Black "Lupulescu, Constantin"]
[Result "1/2-1/2"]
[WhiteElo "2480"]
[BlackElo "2620"]
[EventDate "2016.05.12"]
[PlyCount "36"]

1.d4 Nf6 2.c4 e6 3.Nf3 d5 4.e3 a6 5.Nc3 Nbd7 6.b3 b6 7.Bb2 Bb7 8.Rc1 Bd6 
9.cxd5 exd5 10.g3 O-O 11.Bg2 Qe7 12.O-O Ne4 13.Ne2 g6 14.Nf4 a5 15.a4 Rae8
16.Qc2 c6 17.Nd3 f6 18.Nd2 g5 1/2-1/2

[Event "17th EUR-ch"]
[Site "Gjakova KOS"]
[Date "2016.05.17"]
[Round "6.26"]
[White "Atakisi, Umut"]
[Black "Salgado Lopez, Ivan"]
[Result "0-1"]
[WhiteElo "2330"]
[BlackElo "2618"]
[EventDate "2016.05.12"]
[PlyCount "96"]

1.Nf3 b6 2.g3 Bb7 3.d4 d5 4.Bg2 Nd7 5.O-O e6 6.b3 Ngf6 7.Bb2 c5 8.e3 Rc8 
9.Nbd2 c4 10.bxc4 dxc4 11.c3 b5 12.a4 b4 13.a5 Nd5 14.Qc2 b3 15.Qb1 Be7 
16.Re1 Rc7 17.e4 N5f6 18.Bf1 Qc8 19.Ba3 Bxa3 20.Rxa3 e5 21.dxe5 Ng4 22.Nd4
Ndxe5 23.f4 Nd3 24.Bxd3 cxd3 25.Rxb3 O-O 26.Qb2 Nf6 27.Rb1 Nxe4 28.Nxe4 
Bxe4 29.Rb8 Qh3 30.Rxf8+ Kxf8 31.Qa3+ Kg8 32.Rb8+ Rc8 33.Rxc8+ Qxc8 34.Qb2
h6 35.Kf2 Kh7 36.Ke3 f5 37.g4 Qe8 38.gxf5 Bxf5+ 39.Kf2 Qh5 40.Ke3 Qh3+ 41.
Nf3 Bg6 42.Qf2 Qc8 43.Nd4 Qxc3 44.Qd2 Qc5 45.Qf2 Bf5 46.Qa2 Qe7+ 47.Kd2 
Qb4+ 48.Ke3 Qe1+ 0-1

[Event "17th EUR-ch"]
[Site "Gjakova KOS"]
[Date "2016.05.17"]
[Round "6.27"]
[White "Erdogdu, Mert"]
[Black "Anton Guijarro, David"]
[Result "0-1"]
[WhiteElo "2439"]
[BlackElo "2616"]
[EventDate "2016.05.12"]
[PlyCount "55"]

1.e4 e6 2.d4 d5 3.Nc3 Nf6 4.Bg5 dxe4 5.Nxe4 Be7 6.Bxf6 gxf6 7.Nf3 f5 8.Nc3
Qd6 9.Qe2 a6 10.O-O-O Nd7 11.g3 b5 12.Bg2 Bb7 13.Rhe1 b4 14.Na4 Bd5 15.Nc5
Nxc5 16.dxc5 Qxc5 17.Rxd5 Qxd5 18.Nh4 Qxa2 19.Bc6+ Kf8 20.Bxa8 Bf6 21.Qd3 
Kg7 22.Bc6 Qxb2+ 23.Kd1 Rd8 24.Bd7 Qd4 25.Qxd4 Bxd4 26.Ba4 Bxf2+ 27.Ke2 
Bxe1 28.Kxe1 0-1

[Event "17th EUR-ch"]
[Site "Gjakova KOS"]
[Date "2016.05.17"]
[Round "6.28"]
[White "Zubov, Alexander"]
[Black "Sturua, Zurab"]
[Result "1-0"]
[WhiteElo "2612"]
[BlackElo "2548"]
[EventDate "2016.05.12"]
[PlyCount "111"]

1.d4 d5 2.c4 e6 3.Nc3 Be7 4.cxd5 exd5 5.Bf4 c6 6.e3 Bf5 7.g4 Be6 8.h3 Nd7 
9.Nf3 Nf8 10.Qb3 Qb6 11.Qc2 Ng6 12.Bh2 Rd8 13.O-O-O Bd6 14.Bxd6 Rxd6 15.
Ng5 Bc8 16.f4 Qd8 17.Nf3 h5 18.Rg1 hxg4 19.hxg4 Nh4 20.Ne5 f6 21.Nd3 Nh6 
22.Be2 Re6 23.Rg3 Re7 24.Qd2 Nf7 25.f5 Rh6 26.Nf4 Ng5 27.Bd3 Qd6 28.Qf2 
Kd8 29.Rgg1 Re8 30.Rg3 Re7 31.Bc2 Bd7 32.Kb1 Kc8 33.a3 Kb8 34.Re1 Be8 35.
e4 dxe4 36.Nxe4 Nxe4 37.Rxe4 Rxe4 38.Bxe4 g5 39.Ne2 Bf7 40.Re3 Qd7 41.Nc3 
Qxd4 42.Bxc6 Qf4 43.Qd2 Rh8 44.Qd7 bxc6 45.Re7 Qf1+ 46.Nd1 Qa6 47.Rxf7 Nf3
48.Qd6+ Ka8 49.Rxf6 Qc4 50.Qxc6+ Qxc6 51.Rxc6 Ne5 52.Re6 Nxg4 53.Rg6 Rd8 
54.Nc3 Rf8 55.Ne4 Ne3 56.f6 1-0

[Event "17th EUR-ch"]
[Site "Gjakova KOS"]
[Date "2016.05.17"]
[Round "6.29"]
[White "Kryvoruchko, Yuriy"]
[Black "Moroni, Luca jr"]
[Result "1/2-1/2"]
[WhiteElo "2691"]
[BlackElo "2438"]
[EventDate "2016.05.12"]
[PlyCount "86"]

1.e4 e6 2.d4 d5 3.Nc3 Nf6 4.e5 Nfd7 5.f4 c5 6.Nf3 Nc6 7.Be3 Be7 8.Qd2 O-O 
9.dxc5 Nxc5 10.O-O-O a6 11.Qf2 b6 12.Kb1 Qc7 13.h4 f6 14.Qg3 b5 15.exf6 
Rxf6 16.Bd3 Nxd3 17.cxd3 d4 18.Nxd4 Nxd4 19.Bxd4 Qxf4 20.Ne4 Qxg3 21.Nxg3 
Rg6 22.Ne4 Bb7 23.h5 Rxg2 24.Rhg1 Bxe4 25.dxe4 Rg5 26.Rxg5 Bxg5 27.Bc5 Rd8
28.Rf1 Bf6 29.b4 h6 30.Rf3 Rd1+ 31.Kc2 Rh1 32.Ra3 Rh2+ 33.Kd1 Rxh5 34.Rxa6
Re5 35.Ke2 Rxe4+ 36.Kf3 Re1 37.Rb6 Ra1 38.Rxe6 Rxa2 39.Rb6 Rb2 40.Rxb5 Kf7
41.Rb7+ Ke6 42.Bf8 h5 43.Bxg7 Ke5 1/2-1/2

[Event "17th EUR-ch"]
[Site "Gjakova KOS"]
[Date "2016.05.17"]
[Round "6.30"]
[White "Dvirnyy, Danyyil"]
[Black "Sargissian, Gabriel"]
[Result "1/2-1/2"]
[WhiteElo "2552"]
[BlackElo "2689"]
[EventDate "2016.05.12"]
[PlyCount "109"]

1.d4 Nf6 2.c4 e6 3.Nc3 Bb4 4.Qc2 d6 5.Nf3 Nbd7 6.g3 b6 7.Bg2 Bb7 8.O-O O-O
9.b3 c5 10.dxc5 bxc5 11.Rd1 Qe7 12.Bf4 e5 13.Bg5 e4 14.Nd2 Bxc3 15.Qxc3 h6
16.Bxf6 Nxf6 17.Nf1 a5 18.Ne3 g6 19.Rd2 Ra6 20.a3 Rb8 21.Rb1 Ba8 22.h4 Qe5
23.Qxe5 dxe5 24.Rbd1 Kg7 25.Rd6 Ra7 26.Rb1 h5 27.Nd1 a4 28.b4 cxb4 29.axb4
Rc7 30.Ne3 Ng4 31.Nxg4 hxg4 32.Ra6 Rxc4 33.Rxa4 Bc6 34.Ra5 Rcxb4 35.Rxb4 
Rxb4 36.Rxe5 Rb1+ 37.Bf1 f5 38.Rc5 Bb5 39.Rc7+ Kf6 40.Rb7 Ke5 41.Rb6 Bd3 
42.Rxb1 Bxb1 43.e3 Bd3 44.Bg2 Kf6 45.Bf1 Ke5 46.Bg2 Kd5 47.Bf1 Kc4 48.Bg2 
Kc3 49.Bf1 Kd2 50.Bg2 Ke1 51.Bh1 Bf1 52.Bg2 Be2 53.Bh1 Bf3 54.Bg2 Be2 55.
Bh1 1/2-1/2

[Event "17th EUR-ch"]
[Site "Gjakova KOS"]
[Date "2016.05.17"]
[Round "6.31"]
[White "Naer, Evgeny"]
[Black "Mastrovasilis, Athanasios"]
[Result "1-0"]
[WhiteElo "2681"]
[BlackElo "2542"]
[EventDate "2016.05.12"]
[PlyCount "67"]

1.e4 e5 2.Nf3 Nc6 3.Bc4 Bc5 4.d3 Nf6 5.O-O a6 6.a4 d6 7.Bg5 h6 8.Bh4 g5 9.
Bg3 Bg4 10.h3 Bh5 11.c3 Qd7 12.Nbd2 Ba7 13.b4 Rg8 14.Kh1 g4 15.hxg4 Bxg4 
16.b5 Na5 17.bxa6 Nxc4 18.axb7 Rb8 19.Nxc4 Rxb7 20.a5 Rg5 21.a6 Rb5 22.Ne3
Rh5+ 23.Kg1 Rb2 24.Re1 Bh3 25.Re2 Bxg2 26.Nxg2 Qh3 27.Bh4 Rxe2 28.Qxe2 Ng4
29.d4 exd4 30.Nf4 d3 31.Nxh3 dxe2 32.Kg2 Rb5 33.Nf4 Rb2 34.Re1 1-0

[Event "17th EUR-ch"]
[Site "Gjakova KOS"]
[Date "2016.05.17"]
[Round "6.32"]
[White "Howell, David"]
[Black "Antal, Gergely"]
[Result "1/2-1/2"]
[WhiteElo "2671"]
[BlackElo "2539"]
[EventDate "2016.05.12"]
[PlyCount "114"]

1.Nf3 d5 2.d4 Nf6 3.c4 dxc4 4.e3 Bg4 5.h3 Bh5 6.Nc3 e6 7.Bxc4 Nc6 8.g4 Bg6
9.Nh4 Bd6 10.Qf3 a6 11.a3 Qe7 12.Qg2 Na5 13.Nxg6 hxg6 14.Ba2 e5 15.g5 Nd7 
16.Bd2 Nc6 17.Nd5 Qf8 18.dxe5 Ndxe5 19.O-O-O O-O-O 20.Bc3 Ne7 21.Rd2 Nxd5 
22.Qxd5 f6 23.Rhd1 Kb8 24.Qg2 Qe8 25.Bd5 Qb5 26.Ba2 Rde8 27.gxf6 gxf6 28.
Rd4 g5 29.Kc2 Qd7 30.Bd5 Qxh3 31.Bxb7 Qxg2 32.Bxg2 Rh2 33.Bd5 Rxf2+ 34.Kb3
g4 35.Ra4 g3 36.Rxa6 Kc8 37.Rg1 c6 38.Bxc6 Nxc6 39.Rxc6+ Kd7 40.Rxd6+ Kxd6
41.Rxg3 Kd5 42.a4 f5 43.a5 Rb8+ 44.Ka3 Rf1 45.Ka2 Ke4 46.Rh3 Rd1 47.Bd4 f4
48.Rh4 Rxd4 49.exd4 Rb5 50.a6 Rb6 51.a7 Ra6+ 52.Kb3 Rxa7 53.Kc4 Rc7+ 54.
Kb5 Rb7+ 55.Kc6 Rxb2 56.d5 Rc2+ 57.Kd7 Kxd5 1/2-1/2

[Event "17th EUR-ch"]
[Site "Gjakova KOS"]
[Date "2016.05.17"]
[Round "6.33"]
[White "Sanikidze, Tornike"]
[Black "Nisipeanu, Liviu-Dieter"]
[Result "0-1"]
[WhiteElo "2537"]
[BlackElo "2669"]
[EventDate "2016.05.12"]
[PlyCount "58"]

1.d4 Nf6 2.c4 e6 3.Nf3 d5 4.Nc3 dxc4 5.e4 Bb4 6.Bxc4 Nxe4 7.O-O Nxc3 8.
bxc3 Be7 9.Ne5 O-O 10.Qg4 Nc6 11.Bh6 Bf6 12.Rfe1 Ne7 13.Rad1 c5 14.Rd3 b5 
15.Bxb5 cxd4 16.Rh3 Nf5 17.Bd3 dxc3 18.Nc6 Qc7 19.Bf4 Qxc6 20.Be4 Qc4 21.
Bxa8 e5 22.Be4 Nh6 23.Qf3 exf4 24.Rxh6 gxh6 25.Qxf4 Re8 26.Re3 Qd4 27.h4 
c2 28.Rg3+ Bg7 29.Bxh7+ Kxh7 0-1

[Event "17th EUR-ch"]
[Site "Gjakova KOS"]
[Date "2016.05.17"]
[Round "6.34"]
[White "Laznicka, Viktor"]
[Black "Esen, Baris"]
[Result "1-0"]
[WhiteElo "2668"]
[BlackElo "2508"]
[EventDate "2016.05.12"]
[PlyCount "167"]

1.d4 Nf6 2.c4 g6 3.f3 c5 4.d5 Bg7 5.e4 d6 6.Ne2 e6 7.Nec3 Nh5 8.Be3 f5 9.
Qa4+ Bd7 10.Qb3 b6 11.Nd2 O-O 12.O-O-O f4 13.Bf2 e5 14.g4 Nf6 15.h4 Na6 
16.a3 Ne8 17.Qa2 Nec7 18.Kc2 h6 19.Rb1 Bf6 20.b4 Qe7 21.Bd3 Rfc8 22.Kd1 
Ne8 23.Ke2 Kg7 24.Bc2 Qd8 25.Ba4 Bxa4 26.Nxa4 Qd7 27.Nc3 Be7 28.h5 g5 29.
Qb3 Nf6 30.Qa4 Qxa4 31.Nxa4 Nd7 32.Rb2 Kf8 33.Kd3 Ke8 34.Nb1 Kd8 35.Nbc3 
Ke8 36.Ra1 Kd8 37.Rb3 Ke8 38.Nb2 Kd8 39.Kd2 Ke8 40.Nd3 Bd8 41.Rbb1 Be7 42.
Nb5 Kd8 43.Ke2 Nc7 44.bxc5 bxc5 45.Be1 Nxb5 46.cxb5 Rcb8 47.a4 a6 48.bxa6 
Rxb1 49.Rxb1 Rxa6 50.Nb2 Kc8 51.Kd3 Bd8 52.Kc4 Ra8 53.Bc3 Ba5 54.Bxa5 Rxa5
55.Kb3 Nb6 56.Ra1 Kc7 57.Nd1 Kc8 58.Nc3 Kc7 59.Rb1 Ra8 60.Rb2 Kc8 61.Ra2 
Ra5 62.Nd1 Kc7 63.Nb2 Kc8 64.Ra1 Kc7 65.Rc1 Kc8 66.Rc3 Kc7 67.Ka3 Ra8 68.
Rb3 Ra5 69.Rxb6 Kxb6 70.Nc4+ Ka6 71.Nxd6 Ka7 72.Nc4 Ra6 73.a5 Kb8 74.Ka4 
Ra7 75.Kb5 Rb7+ 76.Kxc5 Rb3 77.Nxe5 Kc7 78.d6+ Kd8 79.a6 Ra3 80.a7 Kc8 81.
Kb6 Rb3+ 82.Kc6 Rc3+ 83.Kd5 Ra3 84.Ke6 1-0

[Event "17th EUR-ch"]
[Site "Gjakova KOS"]
[Date "2016.05.17"]
[Round "6.35"]
[White "Boruchovsky, Avital"]
[Black "Areschenko, Alexander"]
[Result "1/2-1/2"]
[WhiteElo "2542"]
[BlackElo "2667"]
[EventDate "2016.05.12"]
[PlyCount "81"]

1.Nf3 c5 2.c4 Nc6 3.d4 cxd4 4.Nxd4 Nf6 5.g3 e5 6.Nb5 Bb4+ 7.N1c3 d6 8.a3 
Bxc3+ 9.Nxc3 Be6 10.Bg2 Bxc4 11.Bg5 O-O 12.Rc1 h6 13.Bxf6 Qxf6 14.Ne4 Qe6 
15.Qxd6 Nd4 16.Qxe6 Bxe6 17.Nc5 Rac8 18.Bxb7 Rb8 19.e3 Nb3 20.Nxb3 Rxb7 
21.Nc5 Rxb2 22.Nxe6 fxe6 23.O-O Rb3 24.a4 Rb4 25.a5 Rb5 26.a6 Rb6 27.Ra1 
Rc8 28.Rfd1 Rcc6 29.Rd8+ Kh7 30.Rd7 Rxa6 31.Rxa7 Rxa1+ 32.Rxa1 Kg6 33.Ra4 
Kf6 34.h4 Rc2 35.Kg2 Rb2 36.g4 Rc2 37.Ra7 Rb2 38.Ra8 Rb4 39.Kh3 Rb3 40.Ra6
Rc3 41.Kg3 1/2-1/2

[Event "17th EUR-ch"]
[Site "Gjakova KOS"]
[Date "2016.05.17"]
[Round "6.36"]
[White "Stupak, Kirill"]
[Black "Moiseenko, Olexandr"]
[Result "1/2-1/2"]
[WhiteElo "2535"]
[BlackElo "2663"]
[EventDate "2016.05.12"]
[PlyCount "27"]

1.d4 Nf6 2.c4 e6 3.Nf3 Bb4+ 4.Bd2 c5 5.a3 Bxd2+ 6.Qxd2 cxd4 7.Nxd4 O-O 8.
Nc3 d5 9.e3 dxc4 10.Bxc4 Bd7 11.O-O Nc6 12.Rfd1 Nxd4 13.Qxd4 Bc6 14.Qxd8 
1/2-1/2

[Event "17th EUR-ch"]
[Site "Gjakova KOS"]
[Date "2016.05.17"]
[Round "6.37"]
[White "Dreev, Alexei"]
[Black "Deac, Bogdan-Daniel"]
[Result "1/2-1/2"]
[WhiteElo "2662"]
[BlackElo "2501"]
[EventDate "2016.05.12"]
[PlyCount "101"]

1.d4 Nf6 2.c4 e6 3.Nf3 d5 4.Nc3 c6 5.g3 dxc4 6.Bg2 Nbd7 7.O-O b5 8.b3 cxb3
9.Qxb3 Qb6 10.Ng5 Bb7 11.a4 Nd5 12.axb5 Nxc3 13.Qxc3 cxb5 14.d5 Rc8 15.Qb2
e5 16.Bh3 Bc5 17.Rb1 Bxd5 18.Qd2 Be6 19.Nxe6 fxe6 20.e3 b4 21.Rd1 Rc7 22.
Qa2 Ke7 23.Bb2 a5 24.Rbc1 Rf8 25.Qb3 Rf6 26.Rc4 Bd6 27.Rh4 h6 28.Ba1 Qc6 
29.Qd3 Nc5 30.Qh7 Rf7 31.Rg4 Qf3 32.Rf1 Qf5 33.Qg8 g5 34.Rf4 Qh7 35.Rxf7+ 
Qxf7 36.Qa8 a4 37.Rd1 Qh5 38.Rxd6 Kxd6 39.Qf8+ Kd7 40.Bf1 Qd1 41.Bxe5 Rc8 
42.Qf7+ Kc6 43.Bd4 a3 44.Bxc5 Kxc5 45.Qxe6 Ra8 46.Qc4+ Kb6 47.Qxb4+ Kc7 
48.Qc5+ Kb7 49.Qb5+ Kc7 50.Qc5+ Kb7 51.Qb5+ 1/2-1/2

[Event "17th EUR-ch"]
[Site "Gjakova KOS"]
[Date "2016.05.17"]
[Round "6.38"]
[White "Svane, Rasmus"]
[Black "Postny, Evgeny"]
[Result "1-0"]
[WhiteElo "2526"]
[BlackElo "2662"]
[EventDate "2016.05.12"]
[PlyCount "81"]

1.d4 d5 2.c4 c6 3.Nc3 Nf6 4.e3 a6 5.Qc2 g6 6.Bd3 Bg7 7.Nf3 O-O 8.O-O Bg4 
9.Ne5 Be6 10.b3 c5 11.cxd5 Nxd5 12.Nxd5 Bxd5 13.Qxc5 Bxe5 14.dxe5 Bxg2 15.
Rd1 Bc6 16.e6 fxe6 17.e4 Nd7 18.Qc3 Nf6 19.Bh6 Rf7 20.Bc4 Qc8 21.Qh3 Bxe4 
22.Bxe6 Qe8 23.Rac1 Bc6 24.Rd4 Kh8 25.Rcd1 Rf8 26.Qg3 Qb8 27.Bf4 Qa7 28.
Qg5 Qb6 29.Qe5 Qb5 30.a4 Qxe5 31.Bxe5 Kg7 32.f4 Be8 33.Rc1 Bc6 34.Rcd1 Be8
35.Bd5 Bf7 36.Bxb7 Ra7 37.Rd7 Bxb3 38.Rxe7+ Rf7 39.Rdd7 h6 40.Rxf7+ Bxf7 
41.Bd4 1-0

[Event "17th EUR-ch"]
[Site "Gjakova KOS"]
[Date "2016.05.17"]
[Round "6.39"]
[White "Andersen, Mads"]
[Black "Jones, Gawain"]
[Result "1/2-1/2"]
[WhiteElo "2505"]
[BlackElo "2657"]
[EventDate "2016.05.12"]
[PlyCount "98"]

1.e4 c5 2.Nf3 d6 3.d4 cxd4 4.Nxd4 Nf6 5.Nc3 g6 6.Be3 a6 7.f3 b5 8.Qd2 Bb7 
9.a4 e5 10.Nb3 b4 11.Na2 d5 12.Bg5 Nbd7 13.exd5 Bxd5 14.Nxb4 Bxb3 15.cxb3 
Qb6 16.Nc2 Qxb3 17.Qc3 Qxc3+ 18.bxc3 Bg7 19.Nb4 a5 20.Nc6 Nd5 21.Rc1 e4 
22.fxe4 Nxc3 23.e5 Ne4 24.Be3 Nxe5 25.Nxe5 Bxe5 26.Bb5+ Ke7 27.Bc6 Nc3 28.
Bxa8 Rxa8 29.Kf2 Nxa4 30.Rhe1 Nb2 31.Ke2 a4 32.Bc5+ Kf6 33.Ba3 Re8 34.Rc6+
Kg7 35.Kf1 Nd3 36.Re3 Rd8 37.g3 Bb8 38.Be7 Rd5 39.Bf6+ Kh6 40.Ke2 Ne5 41.
Rc8 Nd7 42.Bc3 Be5 43.Bd2 Kg7 44.Rc4 Nc5 45.Bc3 Bxc3 46.Rexc3 Re5+ 47.Re3 
Rd5 48.Rec3 Re5+ 49.Re3 Rd5 1/2-1/2

[Event "17th EUR-ch"]
[Site "Gjakova KOS"]
[Date "2016.05.17"]
[Round "6.40"]
[White "Kobalia, Mikhail"]
[Black "Nakar, Eylon"]
[Result "1-0"]
[WhiteElo "2646"]
[BlackElo "2498"]
[EventDate "2016.05.12"]
[PlyCount "71"]

1.e4 e6 2.d3 d5 3.Nd2 Nf6 4.Ngf3 c5 5.g3 g6 6.Bg2 Bg7 7.O-O O-O 8.Re1 Nc6 
9.c3 a5 10.a4 b6 11.e5 Ng4 12.d4 cxd4 13.cxd4 f6 14.h3 Nxf2 15.Kxf2 fxe5 
16.dxe5 Nxe5 17.Ra3 Ba6 18.Bf1 Bb7 19.Kg1 Qc7 20.Kh2 Rae8 21.Bg2 Nd7 22.
Ng5 e5 23.Rf3 Nf6 24.Qb3 Kh8 25.Rc3 Qd8 26.Qc2 Re7 27.Ndf3 Ne8 28.Rd3 Nd6 
29.Rdd1 Qe8 30.b3 e4 31.Nd4 h6 32.Ba3 Rf6 33.Rf1 Qd7 34.Rxf6 Bxf6 35.Nge6 
Ba6 36.Nf8 1-0

[Event "17th EUR-ch"]
[Site "Gjakova KOS"]
[Date "2016.05.17"]
[Round "6.41"]
[White "Volokytin, Andriy"]
[Black "Ali Marandi, Cemil Can"]
[Result "1/2-1/2"]
[WhiteElo "2642"]
[BlackElo "2476"]
[EventDate "2016.05.12"]
[PlyCount "139"]

1.e4 e5 2.Nf3 Nc6 3.Bb5 g6 4.d4 exd4 5.Bg5 Be7 6.Bxe7 Qxe7 7.Bxc6 dxc6 8.
Qxd4 Nf6 9.Nc3 Bg4 10.Nd2 c5 11.Qe3 O-O-O 12.h3 Be6 13.O-O-O Nd7 14.f4 f6 
15.Rhe1 Rhe8 16.Nf3 Nb8 17.Rxd8+ Rxd8 18.f5 Bg8 19.fxg6 hxg6 20.e5 Nd7 21.
exf6 Qxe3+ 22.Rxe3 Nxf6 23.Ne5 Re8 24.Kd2 g5 25.g4 Bd5 26.Nf3 Bxf3 27.Rxf3
Nd7 28.Rf5 Ne5 29.b3 b6 30.Nd5 c6 31.Nf6 Re7 32.Kc1 c4 33.Rxg5 Nf3 34.Rg8+
Kc7 35.bxc4 Re6 36.Rf8 Re1+ 37.Kb2 Ne5 38.Re8 Re3 39.Kc1 Re1+ 40.Kd2 Nf3+ 
41.Kc3 Rh1 42.Re7+ Kd6 43.Re3 Ng5 44.c5+ bxc5 45.Kc4 Nxh3 46.Ne4+ Kc7 47.
Nxc5 Nf2 48.Re7+ Kd8 49.Rd7+ Ke8 50.g5 Ne4 51.Rg7 Nd6+ 52.Kb4 Rh4+ 53.Kb3 
Rh3+ 54.c3 Nb5 55.Ne4 Re3 56.Nf6+ Kf8 57.Rb7 Rxc3+ 58.Kb4 Rf3 59.a4 Rf4+ 
60.Kc5 Rxa4 61.Kxc6 Nd4+ 62.Kd5 Nf5 63.Ke5 Ne7 64.Nd7+ Kf7 65.Nc5 Rb4 66.
Rxa7 Rb5 67.Rc7 Kg6 68.Ke6 Nf5 69.Ne4 Ng7+ 70.Kd7 1/2-1/2

[Event "17th EUR-ch"]
[Site "Gjakova KOS"]
[Date "2016.05.17"]
[Round "6.42"]
[White "Gasanov, Eldar"]
[Black "Georgiev, Kiril"]
[Result "1/2-1/2"]
[WhiteElo "2496"]
[BlackElo "2640"]
[EventDate "2016.05.12"]
[PlyCount "40"]

1.c4 Nf6 2.Nc3 e5 3.Nf3 Nc6 4.a3 g6 5.g3 Bg7 6.Bg2 O-O 7.O-O a5 8.d3 d6 9.
Rb1 h6 10.b4 axb4 11.axb4 Be6 12.b5 Ne7 13.Bb2 Qc8 14.Re1 Nd7 15.Nd2 Nf5 
16.e3 c6 17.Qc2 d5 18.bxc6 bxc6 19.Ne2 Re8 20.Rec1 Qd8 1/2-1/2

[Event "17th EUR-ch"]
[Site "Gjakova KOS"]
[Date "2016.05.17"]
[Round "6.43"]
[White "Oleksiyenko, Mykhaylo"]
[Black "Godena, Michele"]
[Result "1-0"]
[WhiteElo "2622"]
[BlackElo "2493"]
[EventDate "2016.05.12"]
[PlyCount "81"]

1.e4 e5 2.Nf3 Nc6 3.d4 exd4 4.Nxd4 Bb4+ 5.c3 Bc5 6.Be3 Bb6 7.Nf5 g6 8.Bxb6
axb6 9.Ne3 Nf6 10.f3 O-O 11.c4 d5 12.cxd5 Nxe4 13.fxe4 Qh4+ 14.Ke2 Qxe4 
15.Nd2 Qf4 16.Nf3 Re8 17.Qd2 Ra4 18.Kf2 Ne5 19.Nc4 Rxc4 20.Bxc4 Ng4+ 21.
Kg1 Qxc4 22.Rc1 Qb5 23.h3 Re2 24.a4 Qa6 25.Qd4 Ne3 26.Rh2 Bd7 27.d6 Nf5 
28.Qd1 Ne3 29.Qb3 cxd6 30.Nd4 Bxa4 31.Qa3 Nc2 32.Nxc2 Rxc2 33.Rxc2 Bxc2 
34.g4 Be4 35.Rd2 Qc4 36.Qxd6 Qc1+ 37.Kf2 Qh1 38.Qb8+ Kg7 39.Qe5+ Kh6 40.
Qg3 Qc1 41.g5+ 1-0

[Event "17th EUR-ch"]
[Site "Gjakova KOS"]
[Date "2016.05.17"]
[Round "6.44"]
[White "Neverov, Valeriy"]
[Black "Gabuzian, Hovhannes"]
[Result "1-0"]
[WhiteElo "2498"]
[BlackElo "2620"]
[EventDate "2016.05.12"]
[PlyCount "52"]

1.d4 Nf6 2.Nf3 g6 3.c4 Bg7 4.Nc3 O-O 5.e4 d6 6.Be2 c5 7.d5 e6 8.Nd2 a6 9.
a4 Re8 10.O-O Nbd7 11.Re1 exd5 12.cxd5 Ne5 13.Nf1 Rb8 14.h3 Qc7 15.a5 b5 
16.axb6 Rxb6 17.Ra2 Rb4 18.Bxa6 Bxa6 19.Rxa6 Rd4 20.Qe2 Nd3 21.Rd1 Qb7 22.
Rxd6 Qb8 23.Ra6 Nxe4 24.Nxe4 Nxc1 25.Rxc1 Rdxe4 26.Ne3 Bxb2 1-0

[Event "17th EUR-ch"]
[Site "Gjakova KOS"]
[Date "2016.05.17"]
[Round "6.45"]
[White "Bok, Benjamin"]
[Black "Kjartansson, Gudmundur"]
[Result "1-0"]
[WhiteElo "2614"]
[BlackElo "2457"]
[EventDate "2016.05.12"]
[PlyCount "47"]

1.e4 e6 2.d4 d5 3.Nc3 Nf6 4.e5 Nfd7 5.f4 c5 6.Nf3 Nc6 7.Be3 Be7 8.Qd2 b6 
9.Bb5 Bb7 10.O-O-O a6 11.Bxc6 Bxc6 12.f5 b5 13.fxe6 fxe6 14.Ne2 c4 15.Ng5 
Nf8 16.Rhf1 Bxg5 17.Bxg5 Qd7 18.Qc3 h6 19.Qh3 Rh7 20.Qf3 Rh8 21.Qh3 Rh7 
22.Qf3 Rh8 23.Qh5+ g6 24.Qh3 1-0

[Event "17th EUR-ch"]
[Site "Gjakova KOS"]
[Date "2016.05.17"]
[Round "6.46"]
[White "Pantsulaia, Levan"]
[Black "Haznedaroglu, Kivanc"]
[Result "1/2-1/2"]
[WhiteElo "2613"]
[BlackElo "2494"]
[EventDate "2016.05.12"]
[PlyCount "108"]

1.Nf3 d5 2.g3 Nf6 3.Bg2 e6 4.O-O Be7 5.c4 O-O 6.b3 c5 7.Bb2 Nc6 8.e3 b6 9.
Nc3 Ba6 10.Qe2 Qd7 11.d4 cxd4 12.exd4 Rac8 13.Nb5 dxc4 14.bxc4 Na5 15.Ne5 
Qe8 16.a4 Nd7 17.Rac1 Nxe5 18.dxe5 Bc5 19.h4 Qe7 20.Rc2 Rfd8 21.Bc1 h6 22.
Qg4 Kh8 23.Kh2 Bxb5 24.cxb5 Rc7 25.Bf4 Rd4 26.Rd1 Rcd7 27.Rxd4 Rxd4 28.Qf3
Rd7 29.h5 Qd8 30.Bf1 Be7 31.Qe3 Kg8 32.Be2 Nb7 33.Rc4 Rc7 34.Rxc7 Qxc7 35.
Qe4 Nc5 36.Qa8+ Bf8 37.Qc6 Qd8 38.a5 bxa5 39.Be3 Qb6 40.Bd1 Qd8 41.Be2 Qb6
42.Bc4 a4 43.f4 a3 44.Kh3 Kh7 45.f5 a2 46.Qxb6 a1=Q 47.Qc6 Qxe5 48.Qf3 Qf6
49.Qf4 e5 50.Qf2 Ne4 51.Qf3 Ng5+ 52.Bxg5 hxg5 53.Kg4 Bc5 54.Qd5 Qd6 
1/2-1/2

[Event "17th EUR-ch"]
[Site "Gjakova KOS"]
[Date "2016.05.17"]
[Round "6.47"]
[White "Pashikian, Arman"]
[Black "Druska, Juraj"]
[Result "1-0"]
[WhiteElo "2612"]
[BlackElo "2466"]
[EventDate "2016.05.12"]
[PlyCount "63"]

1.d4 Nf6 2.Nf3 e6 3.c4 Bb4+ 4.Nbd2 O-O 5.a3 Be7 6.e4 d6 7.Be2 Nbd7 8.Qc2 
e5 9.Nb1 exd4 10.Nxd4 c5 11.Nf3 Ng4 12.Nc3 Nde5 13.Nd5 f5 14.Nxe5 Nxe5 15.
O-O fxe4 16.Qxe4 Bf5 17.Qe3 Rf7 18.Bd2 Qd7 19.Bc3 Re8 20.Rae1 Ng6 21.Bh5 
Kf8 22.f4 Bg4 23.Bxg4 Qxg4 24.Nc7 Rc8 25.Ne6+ Kg8 26.h3 Qf5 27.g4 Qc2 28.
Nxg7 d5 29.cxd5 Rxg7 30.Qe6+ Rf7 31.Qxc8+ Nf8 32.g5 1-0

[Event "17th EUR-ch"]
[Site "Gjakova KOS"]
[Date "2016.05.17"]
[Round "6.48"]
[White "Hracek, Zbynek"]
[Black "Korchmar, Vasiliy"]
[Result "1-0"]
[WhiteElo "2598"]
[BlackElo "2437"]
[EventDate "2016.05.12"]
[PlyCount "51"]

1.e4 e5 2.Nf3 Nc6 3.d4 exd4 4.Nxd4 Nf6 5.Nxc6 bxc6 6.Qe2 d6 7.Nc3 Be7 8.
Be3 Be6 9.O-O-O Qb8 10.h3 a5 11.f4 Qb4 12.Rd4 Qb7 13.Kb1 O-O 14.Bc1 d5 15.
e5 c5 16.Rd1 Ne4 17.Nxe4 dxe4 18.g4 c4 19.Bg2 c3 20.Qxe4 Qb6 21.f5 Ba3 22.
fxe6 Bxb2 23.exf7+ Kh8 24.Be3 c5 25.Rd6 Qb5 26.a4 1-0

[Event "17th EUR-ch"]
[Site "Gjakova KOS"]
[Date "2016.05.17"]
[Round "6.49"]
[White "Petrov, Nikita"]
[Black "Alexandrov, Alexei"]
[Result "1/2-1/2"]
[WhiteElo "2475"]
[BlackElo "2592"]
[EventDate "2016.05.12"]
[PlyCount "39"]

1.Nf3 Nf6 2.c4 e6 3.Nc3 d5 4.d4 Bb4 5.cxd5 exd5 6.Bg5 h6 7.Bh4 c5 8.dxc5 
Nbd7 9.Rc1 Qa5 10.Qd4 Bxc5 11.Qd2 b5 12.e3 g5 13.Bg3 b4 14.Nxd5 Ne4 15.Bc7
Qxa2 16.Qd3 f5 17.Be2 Bb7 18.Rd1 O-O 19.O-O Qxb2 20.Nxb4 1/2-1/2

[Event "17th EUR-ch"]
[Site "Gjakova KOS"]
[Date "2016.05.17"]
[Round "6.50"]
[White "Brkic, Ante"]
[Black "Codenotti, Marco"]
[Result "1-0"]
[WhiteElo "2584"]
[BlackElo "2428"]
[EventDate "2016.05.12"]
[PlyCount "73"]

1.e4 e5 2.Nf3 Nc6 3.Bc4 Bc5 4.O-O Nf6 5.d3 d6 6.c3 Bb6 7.a4 O-O 8.Bg5 h6 
9.Bh4 Be6 10.Nbd2 a5 11.Re1 Qe7 12.Bxe6 Qxe6 13.Nc4 Nd7 14.Nxb6 Nxb6 15.d4
exd4 16.cxd4 d5 17.e5 Nb4 18.Rc1 Rac8 19.h3 Nd7 20.Rc3 b6 21.Nh2 c5 22.Rg3
Kh8 23.Ng4 Rg8 24.Bf6 Rce8 25.Qd2 Nxf6 26.Nxf6 cxd4 27.Rg4 Qf5 28.Rh4 Qg6 
29.Nxg8 Kxg8 30.Rxd4 Qf5 31.Rf4 Qd3 32.Qe2 Re6 33.Qh5 Re7 34.e6 fxe6 35.
Rxe6 Rxe6 36.Qf7+ Kh7 37.Qxe6 1-0

[Event "17th EUR-ch"]
[Site "Gjakova KOS"]
[Date "2016.05.19"]
[Round "7.1"]
[White "Inarkiev, Ernesto"]
[Black "Saric, Ivan"]
[Result "1-0"]
[WhiteElo "2686"]
[BlackElo "2650"]
[EventDate "2016.05.12"]
[PlyCount "97"]

1.d4 Nf6 2.c4 g6 3.Nc3 Bg7 4.e4 d6 5.Nf3 O-O 6.Be2 e5 7.Be3 Qe8 8.dxe5 Ng4
9.Bg5 Nxe5 10.Nd4 Be6 11.Nxe6 fxe6 12.O-O Nf7 13.Be3 c5 14.f4 Nc6 15.Bd3 
a6 16.Kh1 Rb8 17.Rb1 Nb4 18.Be2 Nc6 19.Qd3 Nd4 20.Bg4 b5 21.b4 bxc4 22.
Qxc4 Nc2 23.Bc1 Rxb4 24.Rxb4 Nxb4 25.Bd2 Nd8 26.a3 Nc2 27.Ne2 Nxa3 28.Qxa6
h5 29.Bf3 Nb5 30.Rb1 Nd4 31.Nxd4 cxd4 32.Qxd6 Nf7 33.Qb6 Qd7 34.e5 Bh6 35.
Bc6 Qc8 36.Qb5 Nxe5 37.Be4 Nc4 38.Rc1 Nxd2 39.Rxc8 Rxc8 40.Bc6 Bxf4 41.g3 
Be3 42.Qe5 Rf8 43.Qxe6+ Kg7 44.Qe5+ Kh6 45.h4 Nf1 46.Bb5 Nd2 47.Bd3 Ra8 
48.Qf6 Ra1+ 49.Kh2 1-0

[Event "17th EUR-ch"]
[Site "Gjakova KOS"]
[Date "2016.05.19"]
[Round "7.2"]
[White "Navara, David"]
[Black "Jobava, Baadur"]
[Result "1-0"]
[WhiteElo "2735"]
[BlackElo "2661"]
[EventDate "2016.05.12"]
[PlyCount "83"]

1.e4 c5 2.Nf3 d6 3.d4 cxd4 4.Nxd4 Nf6 5.Nc3 Nc6 6.Bg5 e6 7.Qd2 Be7 8.O-O-O
O-O 9.f4 Nxd4 10.Qxd4 Bd7 11.Bxf6 Bxf6 12.Qxd6 Bc6 13.Qxd8 Rfxd8 14.Bb5 
Bxc3 15.Bxc6 Bxb2+ 16.Kxb2 bxc6 17.Rxd8+ Rxd8 18.Kc3 Kf8 19.Rb1 Ke7 20.e5 
h5 21.a4 Rd5 22.Rb7+ Rd7 23.Rb8 Rd8 24.Rb4 Rd5 25.g3 Rc5+ 26.Kb3 Rd5 27.c4
Rd2 28.a5 Kd8 29.Rb8+ Kc7 30.Rf8 Rd7 31.Kb4 a6 32.Kc5 g6 33.Ra8 Kb7 34.Rf8
Kc7 35.h3 Kb7 36.g4 hxg4 37.hxg4 Kc7 38.Ra8 Kb7 39.Rh8 Kc7 40.Rh1 Rd2 41.
Rh7 Rd7 42.g5 1-0

[Event "17th EUR-ch"]
[Site "Gjakova KOS"]
[Date "2016.05.19"]
[Round "7.3"]
[White "Kovalenko, Igor"]
[Black "Wojtaszek, Radoslaw"]
[Result "1/2-1/2"]
[WhiteElo "2644"]
[BlackElo "2722"]
[EventDate "2016.05.12"]
[PlyCount "75"]

1.d4 Nf6 2.c4 e6 3.Nf3 d5 4.Nc3 Bb4 5.cxd5 exd5 6.Bg5 h6 7.Bh4 Bf5 8.e3 
Nbd7 9.Qb3 Ba5 10.Be2 c6 11.O-O Qb6 12.Nd2 O-O 13.a3 Qxb3 14.Nxb3 Bc7 15.
f3 Rfe8 16.Bf2 a5 17.a4 Re7 18.Rfc1 g5 19.Nd2 Bd6 20.Nf1 Bg6 21.Nd1 Nh5 
22.g4 Ng7 23.Bg3 Bxg3 24.hxg3 f5 25.Bd3 Kh7 26.gxf5 Bxf5 27.Nf2 Rf8 28.Be2
Bg6 29.g4 h5 30.Rc3 hxg4 31.Nxg4 Nf5 32.Kf2 Nd6 33.Nd2 Nf6 34.Nxf6+ Rxf6 
35.Rg1 Kh6 36.Rh1+ Kg7 37.Rg1 Kh6 38.Rh1+ 1/2-1/2